Đang tải...

EE kadalasu marikkayilla:Chavarayachan

Chi tiết về thư mục
Tác giả chính: Sajay K.V
Định dạng: Printed Book
Ngôn ngữ:Undetermined
Được phát hành: insight publica, 2017
LEADER 00439nam a2200133Ia 4500
008 200324s9999 xx 000 0 und d
082 |a 923.65  |b SAJ-E 
100 |a Sajay K.V 
245 0 |a EE kadalasu marikkayilla:Chavarayachan 
260 |b insight publica,  |c 2017 
300 |a 160p. 
942 |c BK 
999 |c 289071  |d 289071 
952 |0 0  |1 0  |4 0  |6 923_650000000000000_SAJE  |7 0  |9 307605  |a SDE  |b SDE  |d 2019-03-05  |l 0  |o 923.65 SAJ-E  |p SDE25200  |r 2020-03-27  |w 2020-03-27  |y BK